Troubleshooting NetWare for the 386 : featuring expert tips and techniques for maintaining a healthy, productive NetWare 3.11 LAN
Αποθηκεύτηκε σε:
| Κύριος συγγραφέας: | |
|---|---|
| Άλλοι συγγραφείς: | |
| Μορφή: | Βιβλίο |
| Γλώσσα: | English |
| Δημοσίευση: |
Redwood City, CA :
M & T Books,
c1991.
|
| Θέματα: | |
| Ετικέτες: |
Προσθήκη ετικέτας
Δεν υπάρχουν, Καταχωρήστε ετικέτα πρώτοι!
|
MARC
| LEADER | 00000cam a2200000 i 4500 | ||
|---|---|---|---|
| 001 | 1/39478 | ||
| 008 | 950216s1994 cau| ||| |||| ||eng|| | ||
| 020 | |a 0139287639 | ||
| 020 | |a 1558512233 | ||
| 035 | |a 1997 |c ΔΩΡΕΑ ΤΖΑΦΕΡΗ |l 10041022 | ||
| 035 | |a 1995 | ||
| 040 | |a GR-MyUa |b gre |e AACR2 | ||
| 041 | 0 | |a eng | |
| 082 | 7 | |2 (22) | |
| 100 | 1 | |a Day, Michael, |d 1961- | |
| 245 | 1 | 0 | |a Troubleshooting NetWare for the 386 : |b featuring expert tips and techniques for maintaining a healthy, productive NetWare 3.11 LAN / |c Michael Day and Ken Neff. |
| 260 | |a Redwood City, CA : |b M & T Books, |c c1991. | ||
| 300 | |a 873 σ. : |b εικ. ; |c 24 εκ. | ||
| 504 | |a Περιέχει ευρετήριο. | ||
| 630 | 0 | 0 | |a NetWare. |
| 700 | 1 | |a Neff, Ken, |d 1957- | |
| 852 | |a INST |b SAMOS |e 19971013 |h 005.71369 DAY |p 005300008719 |q 005300008719 |t BK |y 0 | ||
| 852 | |a INST |b SAMOS |e 19950216 |h 005.71369 DAY |p 005300031097 |q 005300031097 |t BK |y 0 | ||
| 901 | |a BIBL3-2009-3 | ||
| 901 | |a BIBL-1997-2 | ||